Semblanza del poeta Carlomagno Araya

Збережено в:
Бібліографічні деталі
Автор: Murillo Arias, Mauro
Формат: Книга
Мова:Undetermined
Опубліковано: San José, Costa Rica Solera 1989
Предмети:
Теги: Додати тег
Немає тегів, Будьте першим, хто поставить тег для цього запису!

MARC

LEADER 00000nam a2200000Ia 4500
008 170316s9999 xx 000 0 und d
040 |a cru BVZT 
090 |a B-868 M-3s 
100 |a Murillo Arias, Mauro 
245 |a Semblanza del poeta Carlomagno Araya 
260 |a San José, Costa Rica 
260 |b Solera 
260 |c 1989 
300 |a 27 páginas 
650 |a LITERATURA COSTARRICENSE 
650 |a BIOGRAFÍA 
999 |c 12809  |d 12809 
942 |c 15 D  |h B-868 M-3s  |2 z